[Event "FSGM June"]
[Site "Budapest HUN"]
[Date "2001.06.14"]
[Round "13"]
[White "Al Sayed,Mohamad"]
[Black "Guseinov,K"]
[Result "0-1"]
[WhiteElo "2304"]
[BlackElo "2456"]

1.e4 c5 2.Nc3 Nc6 3.Nf3 g6 4.Bb5 Bg7 5.O-O Nd4 6.Bc4 d6 7.Nxd4 cxd4 8.Qf3 e6
9.Ne2 Ne7 10.c3 Nc6 11.Bb5 Qb6 12.Bxc6+ bxc6 13.Nxd4 Bxd4 14.cxd4 Qxd4 15.d3 O-O
16.Bh6 Re8 17.e5 Qd5 18.Qxd5 cxd5 19.exd6 Rd8 20.Bf4 Ba6 21.Rfd1 Rac8 22.d4 f6
23.Rac1 g5 24.Bg3 Rxc1 25.Rxc1 Rc8 26.Rc5 Rxc5 27.dxc5 Bb5 28.f3 e5 29.Kf2 Kf7
30.Ke3 d4+ 31.Kd2 Ke6 32.h4 h6 33.b4 Kd5 34.Kc2 Kc4 35.hxg5 hxg5 36.Be1 Ba4+
37.Kb2 Kd3 38.Ka3 Bc6 39.Kb3 Ke2 40.a4 a6 41.b5 axb5 42.axb5 Bxb5 43.Ba5 d3
44.Bc3 f5 45.Kb4 Be8 46.Ka5 e4 47.fxe4 fxe4 48.Kb6 e3 49.c6 d2 50.d7 Bxd7
51.Bxd2 exd2 52.cxd7 d1=Q 53.Kc7 Kf2 54.g4 Kf3 55.d8=Q Qxd8+ 56.Kxd8 Kxg4  0-1

[Event "White Nights"]
[Site "St Petersburg RUS"]
[Date "2001.06.14"]
[Round "6"]
[White "Tseshkovsky,V"]
[Black "Biriukov,O"]
[Result "0-1"]
[WhiteElo "2555"]
[BlackElo "2372"]

1.e4 c5 2.Nc3 Nc6 3.Nf3 g6 4.d4 cxd4 5.Nxd4 Bg7 6.Be3 Nf6 7.Bc4 O-O 8.Bb3 d6
9.f3 Bd7 10.Qd2 Nxd4 11.Bxd4 b5 12.O-O-O a5 13.e5 dxe5 14.Bxe5 Bc6 15.Qxd8 Rfxd8
16.a4 bxa4 17.Bxa4 Bxa4 18.Nxa4 Nd5 19.Bxg7 Kxg7 20.Rhe1 e6 21.b3 Rac8 22.Kb2 h5
23.Re4 Nb4 24.Rxd8 Rxd8 25.c3 Nc6 26.Kc2 Rd5 27.Rc4 Ne7 28.Nb2 Nf5 29.Re4 Nd6
30.Ra4 Nb7 31.Nd3 Kf6 32.Rc4 Nd6 33.Rf4+ Ke7 34.g3 e5 35.Ra4 Nb7 36.c4 Rxd3
37.Kxd3 Nc5+ 38.Kc3 Nxa4+ 39.bxa4 f5 40.f4 e4 41.Kd4 Kd6 42.h3 Kc6 43.g4 hxg4
44.hxg4 fxg4  0-1

[Event "White Nights"]
[Site "St Petersburg RUS"]
[Date "2001.06.15"]
[Round "7"]
[White "Salinnikov,D"]
[Black "Fazulyanov,S"]
[Result "1-0"]
[WhiteElo "2343"]
[BlackElo "2227"]

1.e4 c5 2.Nf3 Nc6 3.Nc3 Nf6 4.d4 cxd4 5.Nxd4 e6 6.Ndb5 d6 7.Bf4 e5 8.Bg5 a6
9.Na3 b5 10.Bxf6 gxf6 11.Nd5 Bg7 12.Bd3 Ne7 13.Nxe7 Qxe7 14.O-O f5 15.c3 O-O
16.Qh5 d5 17.exd5 e4 18.Bc2 b4 19.Nc4 bxc3 20.bxc3 Bxc3 21.Rad1 Qf6 22.d6 Bd4
23.Bxe4 Be6 24.Bxa8 Bxc4 25.Rxd4 Qxd4 26.Rd1 Qf6 27.Bd5 Bxd5 28.Rxd5 Rd8
29.Qd1 Rd7 30.h3 Qe6 31.a4 h6 32.Qd3 Kg7 33.a5 Qe1+ 34.Kh2 Qxf2 35.Qg3+ Qxg3+
36.Kxg3 Kf6 37.Kf4 Ke6 38.Rd2 Rxd6 39.Rxd6+ Kxd6 40.Kxf5 Kc5 41.g4 Kb5 42.h4 Kxa5
43.g5 hxg5 44.h5  1-0

[Event "White Nights"]
[Site "St Petersburg RUS"]
[Date "2001.06.16"]
[Round "8"]
[White "Kurnosov,I"]
[Black "Alagulian,K"]
[Result "0-1"]
[WhiteElo "2375"]
[BlackElo "2226"]

1.e4 c5 2.Nc3 Nc6 3.Bb5 g6 4.Bxc6 bxc6 5.f4 Bg7 6.Nf3 d6 7.O-O c4 8.Kh1 e5
9.fxe5 dxe5 10.b3 cxb3 11.axb3 Ne7 12.d3 O-O 13.Be3 Qc7 14.Qc1 f5 15.Bh6 f4
16.Bxg7 Kxg7 17.Qa3 c5 18.Qa5 Qd6 19.Nb5 Qb8 20.Qc7 Kf6 21.Rxa7 Qxc7 22.Rxc7 Ra5
23.Nd6 Be6 24.Nd2 Rfa8 25.N2c4 Ra1 26.Kg1 Rxf1+ 27.Kxf1 Ra1+ 28.Kf2 Ra2 29.Ne8+ Kf7
30.Ncd6+ Kf8 31.Nf6 Rxc2+ 32.Kf3 h5 33.h3 Rd2 34.Nh7+ Kg8 35.Ne8 Bxb3 36.Nef6+ Kh8  0-1

[Event "White Nights"]
[Site "St Petersburg RUS"]
[Date "2001.06.16"]
[Round "8"]
[White "Tseshkovsky,V"]
[Black "Bogachkov,I"]
[Result "1/2-1/2"]
[WhiteElo "2555"]
[BlackElo "2333"]

1.e4 c5 2.Nc3 Nc6 3.Nf3 g6 4.d4 cxd4 5.Nxd4 Bg7 6.Be3 Nf6 7.Bc4 O-O 8.Bb3 Qa5
9.O-O d6 10.h3 Bd7 11.Nde2 b5 12.f3 b4 13.Nd5 Qd8 14.Qd2 Nxd5 15.exd5 Na5
16.Bd4 Nxb3 17.axb3 a5 18.Rfe1 Re8 19.Bxg7 Kxg7 20.Ng3 Qb6+ 21.Kh2 Rac8 22.Re4 h6
23.Rd1 e5 24.dxe6 Bxe6 25.Rh4 Rh8 26.Ne2 d5 27.Nd4 g5 28.Nxe6+ fxe6 29.Rg4 Qc7+
30.Kh1 Qxc2 31.Qd4+ Kg6 32.Re1 Rhe8 33.h4 Qf5 34.hxg5 hxg5 35.Kg1 e5 36.Qxd5 e4
37.Qxf5+ Kxf5 38.Rgxe4 Rxe4 39.fxe4+ Ke5 40.Re2 Rf8 41.Kh2 Rf4  1/2-1/2

[Event "Savic-Mauzer Mem"]
[Site "Bijeljina YUG"]
[Date "2001.06.17"]
[Round "2"]
[White "Milu,R"]
[Black "Rosic,S"]
[Result "1/2-1/2"]
[WhiteElo "2433"]
[BlackElo "2302"]

1.e4 c5 2.Nf3 Nc6 3.Nc3 d6 4.d4 cxd4 5.Nxd4 Nf6 6.Be2 g6 7.Nb3 Bg7 8.O-O O-O
9.Kh1 Bd7 10.f4 Qc8 11.Be3 Bg4 12.Bg1 Bxe2 13.Qxe2 e6 14.Rad1 d5 15.exd5 exd5
16.Nxd5 Nxd5 17.Rxd5 Bxb2 18.c4 Bg7 19.f5 Re8 20.Qd1 Ne7 21.Rc5 Nc6 22.Qf3 Qd7
23.Rd5 Qc7 24.Rb5  1/2-1/2

[Event "White Nights"]
[Site "St Petersburg RUS"]
[Date "2001.06.17"]
[Round "9"]
[White "Vokarev,S"]
[Black "Sivokho,S"]
[Result "0-1"]
[WhiteElo "2498"]
[BlackElo "2476"]

1.e4 c5 2.Nc3 Nc6 3.Nge2 e5 4.Nd5 Nce7 5.Nec3 Nxd5 6.Nxd5 Nf6 7.Bc4 Be7 8.d3 O-O
9.O-O d6 10.Nxe7+ Qxe7 11.f4 exf4 12.Bxf4 Ng4 13.Bd5 Be6 14.c4 Ne5 15.Bxe5 dxe5
16.Qh5 Bxd5 17.cxd5 g6 18.Qg4 Rad8 19.Rac1 Kh8 20.Rc2 b6 21.Rcf2 Rd6 22.h4 Kg7
23.h5 f6 24.Rf3 Qf7 25.hxg6 hxg6 26.Rh3 Rdd8 27.Rf5 Rh8 28.Rfh5 Rxh5 29.Rxh5 Qd7
30.Qg3 Qa4 31.Rh3 Qd1+ 32.Kh2 Qd2 33.Qh4 Qf4+ 34.Qxf4 exf4 35.Kg1 f5 36.Kf2 g5
37.Rh5 Kg6 38.Rh1 g4 39.Re1 Kg5 40.a3 a5 41.b3 Kg6 42.Re2 Kf6 43.e5+ Ke7
44.d6+ Ke6 45.Re1 Rh8 46.Kg1 Ra8 47.Kf2 Ra7 48.a4 Rh7 49.Kg1 g3 50.Re2 Rh2
51.Re1 Rh8 52.Re2 Rh7 53.Re1 Rh2 54.Rf1 Rh4 55.Rd1 f3 56.gxf3 Kxe5 57.Kg2 Kxd6
58.Kxg3 Rb4 59.Rh1 Rxb3 60.Kf4 Rxd3 61.Rh6+ Kc7 62.Rh7+ Kc6 63.Rh6+ Rd6  0-1

[Event "5th Open"]
[Site "Voronezh RUS"]
[Date "2001.06.19"]
[Round "7"]
[White "Timagin,P"]
[Black "Karpeshov,O"]
[Result "0-1"]
[WhiteElo "2301"]
[BlackElo "2437"]

1.e4 c5 2.Nc3 Nc6 3.Bb5 Nd4 4.Bc4 g6 5.Nf3 Bg7 6.Nxd4 cxd4 7.Qf3 e6 8.Nb5 d5
9.exd5 a6 10.dxe6 fxe6 11.Na3 Nf6 12.O-O O-O 13.d3 Nd5 14.Qg3 b5 15.Bb3 Bb7
16.Nb1 Rf5 17.Re1 Kh8 18.Nd2 Rg5 19.Qf3 Qa5 20.Qf7 Nc7 21.f3 Rf8 22.Qe7 Rgf5
23.Qh4 g5 24.Qg3 Nd5 25.Nf1 g4 26.Bd2 gxf3 27.Bxa5 f2+ 28.Kh1 fxe1=Q 29.Qxe1 Nf4
30.Kg1 Nxg2 31.Qxe6 Nf4 32.Qxf5 Rxf5 33.Kf2 Nxd3+ 34.Ke2 Nxb2 35.Bc7 d3+
36.cxd3 Bf3+ 37.Kd2 Nc4+ 38.dxc4 Bxa1 39.Ne3 Rf7 40.Bb6 Rd7+ 41.Kc2 Be4+
42.Kc1 Bd4 43.Bxd4+ Rxd4 44.cxb5 axb5 45.Nd1 Bd5 46.Kc2 Bxb3+ 47.axb3  0-1

[Event "ch-NED Women"]
[Site "Leeuwarden NED"]
[Date "2001.06.23"]
[Round "4"]
[White "Sziva,E"]
[Black "Peng Zhaoqin"]
[Result "0-1"]
[WhiteElo "2331"]
[BlackElo "2391"]

1.e4 c5 2.Nc3 Nc6 3.Nge2 e5 4.g3 d6 5.Bg2 Nge7 6.O-O g6 7.Nd5 Bg7 8.d3 Nxd5
9.exd5 Ne7 10.c3 O-O 11.f4 exf4 12.Bxf4 h6 13.Kh1 g5 14.Be3 Bf5 15.Rc1 Qd7
16.b3 Rae8 17.Qd2 Bh3 18.Bxh3 Qxh3 19.Ng1 Qg4 20.Qg2 Ng6 21.Bf2 b6 22.c4 Ne5
23.Rcd1 Qd7 24.d4 Ng4 25.dxc5 bxc5 26.Rfe1 Qf5 27.Rf1 Qc2 28.h3 Nf6 29.Rde1 Qxa2
30.Qf3 Qc2 31.Ra1 Ne4 32.Rad1 Nd2  0-1

[Event "Polish Supercup"]
[Site "Warsaw POL"]
[Date "2001.06.24"]
[Round "2"]
[White "Blehm,P"]
[Black "Jakubiec,A"]
[Result "1/2-1/2"]
[WhiteElo "2530"]
[BlackElo "2482"]

1.e4 c5 2.Nf3 Nc6 3.Nc3 e5 4.Bc4 Be7 5.d3 d6 6.Nd2 Nf6 7.Nf1 Bg4 8.f3 Be6
9.Ne3 O-O 10.O-O Ne8 11.Bd2 Bg5 12.g3 Bxe3+ 13.Bxe3 Nf6 14.Qd2 Nd4 15.Bxe6 fxe6
16.Kg2 Qd7 17.Rf2 Rf7 18.Raf1 Raf8 19.Nd1 Nc6 20.c3 b6 21.d4 exd4 22.cxd4 e5
23.d5  1/2-1/2

[Event "Narciso Yepes"]
[Site "Lorca ESP"]
[Date "2001.06.25"]
[Round "1"]
[White "Ibarra Jerez,JC"]
[Black "Damljanovic,B"]
[Result "0-1"]
[WhiteElo "2238"]
[BlackElo "2574"]

1.e4 c5 2.Nc3 Nc6 3.Nge2 d6 4.d4 cxd4 5.Nxd4 Nf6 6.Bg5 e6 7.Qd2 a6 8.O-O-O Bd7
9.f4 b5 10.Qe3 Qb6 11.f5 Nxd4 12.Qxd4 Qxd4 13.Rxd4 Be7 14.fxe6 fxe6 15.Be2 Rc8
16.Rhd1 Rc5 17.Bh4 O-O 18.Bg3 e5 19.Nd5 Nxd5 20.Rxd5 Rxd5 21.exd5 Bg5+ 22.Kb1 Bf4
23.Rf1 g5 24.Bd3 h5 25.Be1 Bxh2 26.Rh1 Bf4 27.Rxh5 Bf5 28.Bg3 Be3 29.Rh1 Kg7
30.Re1 Bc5 31.Bf1 Bg6 32.a4 bxa4 33.Bxa6 Bf2 34.Bxf2 Rxf2 35.Re2 Rxe2 36.Bxe2 Be4
37.g3 Bxd5 38.Bb5 Kf6 39.Bxa4 Kf5 40.Bd7+ Ke4 41.b4 Kf3 42.b5 e4 43.Bc6 Bxc6
44.bxc6 e3 45.c7 e2 46.c8=Q e1=Q+ 47.Kb2 Qe5+ 48.Kb3 Qb5+ 49.Ka2 Qa4+ 50.Kb2 Qb4+
51.Ka2 Kxg3 52.Qf5 Qc4+ 53.Kb2 Qd4+ 54.Kb3 g4 55.c4 Kg2 56.Qe6 Qd3+ 57.Kb4 g3
58.Qe1 Kf3 59.Qh1+ Kf2 60.Qh4 Ke2 61.Qe7+ Qe3 62.Qg7 Qc5+ 63.Kb3 Qe5 64.Qg4+ Kf2
65.Qh4 Ke2 66.Qg4+ Kd2 67.Ka4 Kc3 68.Qg8 Qf4 69.Kb5 Qf2 70.Qg7+ Kb3 71.Kc6 g2
72.Qb7+ Kc2 73.Qh7+ Kc3 74.Qg7+ Kd3 75.Qg6+ Ke3 76.Qe6+ Kf3 77.Qf5+ Kg3 78.Qg5+ Kh3
79.Qh5+ Qh4 80.Qf3+ Kh2 81.Qe2 Qd4 82.Qh5+ Kg3 83.Qg5+ Qg4 84.Qc1 Qf4 85.Qb1 Qxc4+
86.Kd7 Qf7+ 87.Kxd6 Qf4+ 88.Kd5 Qd2+ 89.Kc4 Qe2+ 90.Kd5 Qf3+ 91.Kc4  0-1

[Event "St John's University"]
[Site "New York USA"]
[Date "2001.06.27"]
[Round "9"]
[White "Morrison,W"]
[Black "Bonin,J"]
[Result "1-0"]
[WhiteElo "2381"]
[BlackElo "2381"]

1.e4 c5 2.Nf3 Nc6 3.Nc3 e5 4.g3 d6 5.Bg2 g6 6.d3 Bg7 7.O-O Nge7 8.Nd2 Rb8
9.a4 a6 10.Nc4 b5 11.axb5 axb5 12.Ne3 b4 13.Ncd5 O-O 14.Nc4 Bb7 15.c3 bxc3
16.bxc3 Nxd5 17.exd5 Ne7 18.Na3 Ba8 19.c4 Qd7 20.Bg5 f6 21.Bd2 Rb6 22.f4 f5
23.Bc3 exf4 24.Bxg7 Kxg7 25.gxf4 Rb2 26.Qc1 Rxg2+ 27.Kxg2 Nxd5 28.cxd5 Qe6
29.Qb2+ Kh6 30.Qf2 Qxd5+ 31.Kh3 Qxd3+ 32.Qg3 Qe2 33.Rf2 Qh5+ 34.Qh4 Re8 35.Rf3 d5
36.Qxh5+ Kxh5 37.Rf2 c4 38.Rfa2 d4 39.Nxc4 Bd5 40.Rc2 Re4 41.Nb6 Be6 42.Kg3 g5
43.Rf2 h6 44.Ra5 d3 45.fxg5 hxg5 46.Rd2 Re3+ 47.Kf2 Rh3 48.Kg1 f4 49.Nd5 Kh4
50.Nb4 Bc4 51.Re5  1-0

[Event "43rd Tch-POR"]
[Site "Barreiro POR"]
[Date "2001.06.30"]
[Round "8"]
[White "Galego,L"]
[Black "Morais,V"]
[Result "1-0"]
[WhiteElo "2429"]
[BlackElo "2128"]

1.e4 c5 2.Nc3 Nc6 3.Nf3 g6 4.Bc4 Bg7 5.d3 d6 6.h3 e6 7.Bg5 Nge7 8.Qd2 h6
9.Bf4 a6 10.a4 g5 11.Bg3 d5 12.Bb3 Nd4 13.Nxd4 cxd4 14.Ne2 f5 15.exf5 Nxf5
16.Bh2 O-O 17.O-O Bd7 18.Rae1 Qb6 19.Ng3 Nxg3 20.Bxg3 Rf5 21.f4 Qd6 22.Bh2 gxf4
23.Rxf4 Rxf4 24.Qxf4 Qb4 25.Bg3 Rf8 26.Qg4 Rf5 27.Re2 Qf8 28.Rf2 Rxf2 29.Bxf2 Qf6
30.a5 Be8 31.Bh4 Qg6 32.Qxg6 Bxg6 33.Ba4 e5 34.Bd7 e4 35.Be6+ Bf7 36.Bc8 exd3
37.cxd3 Bg6 38.Bxb7 Bxd3 39.Bxd5+ Kf8 40.Kf2 Bb5 41.b3 Be5 42.Bg3 Bxg3+ 43.Kxg3 Ke7
44.Kf2 Kd6 45.Bf3 Kc5 46.Be2 d3 47.Bd1 Kd4 48.g4 d2 49.h4 Bd3 50.g5 hxg5
51.hxg5 Kc3 52.Ke3 Bc2 53.Ke2 Bd3+ 54.Ke3 Bc2 55.Ke2 Bf5 56.Ke3 Bg6 57.b4 Bd3
58.Bf3 Bc2 59.b5 Ba4 60.bxa6 Bc6 61.Bd1 Kb4  1-0

[Event "Open"]
[Site "Karvina CZE"]
[Date "2001.06.30"]
[Round "1"]
[White "Sumaneev,D"]
[Black "Chrobak,P"]
[Result "1-0"]
[WhiteElo "2452"]
[BlackElo "2047"]

1.e4 c5 2.Nc3 Nc6 3.Bb5 d6 4.f4 Bd7 5.a4 Nf6 6.Nf3 e6 7.d3 Be7 8.O-O O-O
9.Bxc6 Bxc6 10.Qe1 Nd7 11.Bd2 a6 12.a5 Re8 13.Kh1 d5 14.e5 f5 15.exf6 Bxf6
16.Ne5 Qc7 17.Ng4 Re7 18.Qg3 Rf8 19.Rae1 Kh8 20.Qh3 Bxc3 21.Bxc3 d4 22.Bd2 Rf5
23.Qh4 Re8 24.Kg1 Qd6 25.Qg3 Ref8 26.c4 Nf6 27.Ne5 Be8 28.Qf3 Nd7 29.Ng4 Bh5
30.h3 e5 31.fxe5 Nxe5 32.Qxf5 Rxf5 33.Rxf5 Nxg4 34.hxg4 Bg6  1-0

[Event "Open"]
[Site "Andorra AND"]
[Date "2001.07.01"]
[Round "2"]
[White "Jaracz,P"]
[Black "Simonet,M"]
[Result "1/2-1/2"]
[WhiteElo "2484"]
[BlackElo "2296"]

1.e4 c5 2.Nc3 Nc6 3.Nf3 e5 4.Bc4 Be7 5.d3 Nf6 6.Nd2 d6 7.Nf1 Bg4 8.f3 Be6
9.Ne3 O-O 10.a3 Rb8 11.O-O Nd4 12.Ncd5 Nxd5 13.Nxd5 b5 14.Ba2 Bg5 15.c3 Bxc1
16.Rxc1 Nc6 17.f4 exf4 18.Rxf4 Ne7 19.Qh5 Nxd5 20.Bxd5 h6 21.h4 b4 22.Rcf1 Qe7
23.axb4 cxb4 24.c4 a5 25.b3 Qa7+ 26.Kh2  1/2-1/2

[Event "1st Asean Open"]
[Site "Bandar Seri Begawan BRU"]
[Date "2001.07.02"]
[Round "8"]
[White "Mariano,N"]
[Black "Aung Thant Zin"]
[Result "0-1"]
[WhiteElo "2396"]
[BlackElo "2420"]

1.e4 c5 2.Ne2 Nc6 3.Nbc3 Nf6 4.g3 g6 5.Bg2 Bg7 6.O-O O-O 7.d3 d6 8.h3 Rb8
9.f4 Bd7 10.g4 b5 11.Ng3 b4 12.Nce2 a5 13.g5 Ne8 14.f5 Nd4 15.h4 Nxe2+ 16.Qxe2 a4
17.Rb1 a3 18.b3 Nc7 19.h5 Nb5 20.Bd2 Be5 21.Qf2 Nd4 22.Bf4 Bxf4 23.Qxf4 gxf5
24.Qd2 e6 25.exf5 exf5 26.Qf4 Be6 27.Rf2 Kh8 28.g6 fxg6 29.hxg6 Rg8 30.Ne2 Nxe2+
31.Rxe2 Rxg6  0-1

[Event "1st Asean Open"]
[Site "Bandar Seri Begawan BRU"]
[Date "2001.07.02"]
[Round "8"]
[White "Mariano,N"]
[Black "Aung Thant Zin"]
[Result "0-1"]
[WhiteElo "2396"]
[BlackElo "2420"]

1.e4 c5 2.Ne2 Nc6 3.Nbc3 Nf6 4.g3 g6 5.Bg2 Bg7 6.O-O O-O 7.d3 d6 8.h3 Rb8
9.f4 Bd7 10.g4 b5 11.Ng3 b4 12.Nce2 a5 13.g5 Ne8 14.f5 Nd4 15.h4 Nxe2+ 16.Qxe2 a4
17.Rb1 a3 18.b3 Nc7 19.h5 Nb5 20.Bd2 Be5 21.Qf2 Nd4 22.Bf4 Bxf4 23.Qxf4 gxf5
24.Qd2 e6 25.exf5 exf5 26.Qf4 Be6 27.Rf2 Kh8 28.g6 fxg6 29.hxg6 Rg8 30.Ne2 Nxe2+
31.Rxe2 Rg7  0-1

[Event "FSIMA July"]
[Site "Budapest HUN"]
[Date "2001.07.02"]
[Round "1"]
[White "Blokhuis,J"]
[Black "Gara,A"]
[Result "1/2-1/2"]
[WhiteElo "2341"]
[BlackElo "2303"]

1.e4 c5 2.Nc3 Nc6 3.Nge2 Nf6 4.d4 cxd4 5.Nxd4 d6 6.Bc4 e6 7.Be3 a6 8.Qe2 Qc7
9.Bb3 Na5 10.Ba4+ b5 11.Ncxb5 axb5 12.Nxb5 Qb8 13.Nxd6+ Ke7 14.Bc5 Bd7 15.e5 Bxa4
16.exf6+ gxf6 17.b4 Nc6 18.Rd1 Kd7 19.b5 Bxd6 20.bxc6+ Bxc6 21.Bxd6 Qb7 22.f3 Bd5
23.Bg3 Qb4+ 24.Qd2 Qxd2+ 25.Kxd2 Rxa2 26.Ra1 Rha8 27.Rxa2 Rxa2 28.Rb1  1/2-1/2

[Event "6th Leg Russian Cup"]
[Site "Tomsk RUS"]
[Date "2001.07.02"]
[Round "3"]
[White "Beshukov,S"]
[Black "Shushpanov,R"]
[Result "1/2-1/2"]
[WhiteElo "2463"]
[BlackElo "2370"]

1.e4 c5 2.Nc3 Nc6 3.Nf3 Nf6 4.d4 cxd4 5.Nxd4 d6 6.Bg5 e6 7.Qd2 Qb6 8.Nb3 a6
9.O-O-O Qc7 10.f3 Rb8 11.Kb1 b5 12.Qf2 Ne5 13.Bc1 b4 14.Ne2 a5 15.g4 a4 16.Nbd4 Nfd7
17.Ng3 Nc5 18.g5 b3 19.cxb3 axb3 20.a3 Bb7 21.Bb5+ Ned7 22.Rhe1 Be7 23.Be3 O-O
24.Bf1 Rfc8 25.Nb5 Qb6 26.Nc3 Qa5 27.Qd2 Qa8 28.h4 Ne5 29.Be2 Ba6 30.f4 Nc4
31.Bxc4 Bxc4 32.Bxc5 Rxc5 33.h5 Bf8 34.h6 g6 35.Nh1 Ra5 36.Nf2 d5 37.Qd4 Rxa3
38.bxa3 Qxa3 39.Ng4 Ra8 40.Nf6+ Kh8  1/2-1/2

[Event "Open"]
[Site "Batumi GEO"]
[Date "2001.07.03"]
[Round "7"]
[White "Shanava,K"]
[Black "Yegiazarian,A"]
[Result "0-1"]
[WhiteElo "2281"]
[BlackElo "2529"]

1.e4 c5 2.Nf3 Nc6 3.Nc3 e5 4.Bc4 Be7 5.d3 Nf6 6.Bg5 d6 7.h3 O-O 8.g4 Ne8
9.Be3 Nc7 10.Nd5 Be6 11.c3 Bxd5 12.Bxd5 Nxd5 13.exd5 Nb8 14.Nd2 Nd7 15.Qf3 b5
16.h4 Qc7 17.c4 bxc4 18.dxc4 Rab8 19.b3 Qa5 20.Ke2 Qa3 21.g5 f5 22.gxf6 Nxf6
23.h5 Rf7 24.Qh3 Re8 25.Rag1 Bd8 26.Rg3 Ba5 27.Qg2 Bxd2 28.Bxd2 Ref8 29.Rg5 Qxa2
30.Rg1 Nxh5 31.Ke1 Qb1+ 32.Ke2 Qc2 33.Ke1 g6  0-1

[Event "Open"]
[Site "Andorra AND"]
[Date "2001.07.05"]
[Round "6"]
[White "Jaracz,P"]
[Black "Van der Lijn,B"]
[Result "1-0"]
[WhiteElo "2484"]
[BlackElo "2277"]

1.e4 c5 2.Nc3 Nc6 3.Nf3 d6 4.d4 cxd4 5.Nxd4 Nf6 6.Bg5 Bd7 7.Qd2 Rc8 8.O-O-O Nxd4
9.Qxd4 Qa5 10.Bxf6 gxf6 11.Kb1 Qc5 12.Qd2 e6 13.f4 Bc6 14.Be2 h5 15.Bf3 Bh6
16.g3 Ke7 17.Qe2 Bg7 18.f5 h4 19.fxe6 fxe6 20.Nd5+ Kd7 21.Nf4 Rhe8 22.Rd2 Kc7
23.Rhd1 Rcd8 24.Bh5 Re7 25.Bg4 Rde8 26.Rxd6 f5 27.Bh5 Qe5 28.R6d4 fxe4 29.Bxe8 Rxe8
30.Qc4 e3 31.c3 hxg3 32.hxg3 Qf5+ 33.R4d3 b5 34.Qb4 Kb6 35.g4 Qe5 36.Ka1 e2
37.Re1  1-0

[Event "Open"]
[Site "Batumi GEO"]
[Date "2001.07.05"]
[Round "9"]
[White "Pashikian,A"]
[Black "Gvetadze,S"]
[Result "1-0"]
[WhiteElo "2268"]
[BlackElo "2208"]

1.e4 c5 2.Nc3 Nc6 3.Bb5 Nd4 4.Bc4 g6 5.Nf3 Bg7 6.Nxd4 cxd4 7.Qf3 e6 8.Nb5 Be5
9.c3 dxc3 10.d4 a6 11.dxe5 axb5 12.Bb3 b4 13.bxc3 Qc7 14.cxb4 Qxe5 15.Rb1 Qf6
16.Qd3 Qe7 17.Bb2 f6 18.a3 Nh6 19.O-O O-O 20.f4 b6 21.Qh3 Nf7 22.Qh4 Nd6
23.f5 gxf5 24.e5 Ne4 25.Rxf5 Bb7 26.exf6 Qf7 27.Rf4 Kh8 28.Rxe4 Bxe4 29.Qxe4 d5
30.Qh4 Rg8 31.Bc2 Raf8 32.Qh6 d4 33.Bxd4 Qd7 34.Qg7+ Rxg7 35.fxg7+ Kg8 36.Bxh7+  1-0

[Event "Sub-zt 2.3.2"]
[Site "Managua NCA"]
[Date "2001.07.05"]
[Round "6"]
[White "Lorenzana,W"]
[Black "Urbina,R"]
[Result "1-0"]
[WhiteElo "2176"]
[BlackElo "2279"]

1.e4 c5 2.Nf3 Nc6 3.Nc3 g6 4.d4 cxd4 5.Nxd4 Bg7 6.Nb3 Nf6 7.Be2 d6 8.O-O O-O
9.Be3 a6 10.f4 Be6 11.Bf3 Rc8 12.Kh1 Nd7 13.Qe1 Nb6 14.f5 Bc4 15.Rf2 Ne5
16.Rd1 Nbd7 17.Bd4 b5 18.Be2 Bxe2 19.Qxe2 Nc4 20.Nd5 Bxd4 21.Nxd4 Nxb2 22.Rdf1 Rc4
23.c3 Na4 24.fxg6 hxg6 25.Qg4 Ne5 26.Qh4 Re8 27.Rxf7  1-0

[Event "6th Leg Russian Cup"]
[Site "Tomsk RUS"]
[Date "2001.07.05"]
[Round "6"]
[White "Purtov,A"]
[Black "Gajsin,E"]
[Result "1/2-1/2"]
[WhiteElo "2433"]
[BlackElo "2366"]

1.e4 c5 2.Nc3 Nc6 3.Nge2 g6 4.d4 cxd4 5.Nxd4 Bg7 6.Be3 Nf6 7.Bc4 O-O 8.Bb3 Qa5
9.O-O d6 10.Nd5 Re8 11.f3 Bd7 12.c3 Nxd5 13.exd5 Ne5 14.a4 Rec8 15.Qe2 Rc5
16.Rfd1 Rxd5 17.Bxd5 Qxd5 18.Nb5 Qc4 19.Qxc4 Nxc4 20.Bc1 Rc8 21.Nd4 a6 22.Nc2 Na5
23.Ne3 Nb3 24.Ra3 Nxc1 25.Rxc1 e6 26.Rd1 d5 27.Raa1 g5 28.Kf2 f5 29.g3 f4
30.Nf1 Bc6 31.Nd2 e5 32.Nb3 b6 33.gxf4 gxf4 34.a5 Rb8 35.Rd2 bxa5 36.Nxa5 Ba8
37.Rg1 Kf7 38.b4 e4 39.Rc2 d4 40.fxe4 dxc3 41.Rg4 Rxb4 42.Rxf4+ Ke6 43.Kf3 Rb2
44.Rc1 Rxh2 45.Rg4 Rh3+ 46.Kg2 Bh6 47.Kxh3 Bxc1 48.Nb3 Bb2 49.Kg3 c2 50.Kf3 c1=Q
51.Nxc1 Bxc1 52.Rg7 Bc6 53.Rxh7 a5 54.Ke2 a4 55.Kd3 a3 56.Ra7 Bb2 57.Kc4 Bxe4
58.Kb4 Bd5 59.Rxa3 Bxa3+ 60.Kxa3  1/2-1/2

[Event "FSIMA July"]
[Site "Budapest HUN"]
[Date "2001.07.06"]
[Round "5"]
[White "Blokhuis,J"]
[Black "Seres,L"]
[Result "0-1"]
[WhiteElo "2341"]
[BlackElo "2427"]

1.e4 c5 2.Nc3 Nc6 3.Nge2 g6 4.g3 Bg7 5.Bg2 d6 6.O-O e6 7.d3 Nge7 8.Be3 Nd4
9.Rb1 O-O 10.a3 Rb8 11.b4 b6 12.f4 Bb7 13.Bf2 Qd7 14.Nxd4 cxd4 15.Ne2 e5
16.Qd2 Rbc8 17.Rfc1 Bh6 18.b5 d5 19.Rb3 Rc5 20.Rcb1 Rfc8 21.R3b2 R8c7 22.Qd1 f6
23.a4 dxe4 24.dxe4 Rc4 25.Ra1 Nc8 26.Qd3 Nd6 27.fxe5 fxe5 28.Be1 Be3+ 29.Kh1 Nxe4
30.Nf4 exf4 31.Bxe4 Rc3  0-1

[Event "10th AKN Weekender"]
[Site "Haarlem NED"]
[Date "2001.07.08"]
[Round "6"]
[White "Lobzhanidze,D"]
[Black "Tiviakov,S"]
[Result "1/2-1/2"]
[WhiteElo "2501"]
[BlackElo "2618"]

1.e4 c5 2.Nf3 Nc6 3.Nc3 g6 4.d4 cxd4 5.Nxd4 Bg7 6.Be3 Nf6 7.Bc4 O-O 8.Bb3 a5
9.O-O d6 10.f3 Nxd4 11.Bxd4 Bd7 12.a4 Bc6 13.Nd5 Nd7 14.Bxg7 Kxg7 15.Qd4+ Kg8
16.Bc4 e6 17.Ne3 Qb6 18.Rfd1 Rfd8 19.b3 Qxd4 20.Rxd4 Nb6 21.Rad1 Nc8 22.h4 Kf8
23.Kf2 h5 24.Be2 Ke7 25.e5 d5 26.c4 Nb6 27.cxd5 Bxd5 28.Nxd5+ Rxd5 29.Rxd5 Nxd5
30.Rc1 Kf8 31.g3 Ne7 32.Rc7 Rb8 33.Bd3 Nd5 34.Rc5 b6 35.Rc1 Nb4 36.Bb5 Rd8
37.Ke3 Nd5+ 38.Ke2 Ne7 39.Bd3 Rd5 40.f4 Rc5 41.Rxc5 bxc5 42.Be4 Nd5 43.Kd3 Nb6
44.Bc6 Ke7 45.Kc3  1/2-1/2

[Event "Open"]
[Site "Hyeres FRA"]
[Date "2001.07.09"]
[Round "4"]
[White "Fontaine,R"]
[Black "Langevin,P"]
[Result "1/2-1/2"]
[WhiteElo "2452"]
[BlackElo "2221"]

1.e4 c5 2.Nc3 Nc6 3.Nf3 g6 4.d4 cxd4 5.Nxd4 Bg7 6.Be3 d6 7.Qd2 Nf6 8.f3 O-O
9.O-O-O Nxd4 10.Bxd4 Be6 11.Nd5 Bxd5 12.exd5 Rc8 13.Kb1 Qc7 14.c4 b5 15.Rc1 Qb7
16.g4 e5 17.dxe6 Qxf3 18.Bg2 Qxg4 19.exf7+ Rxf7 20.Ka1 bxc4 21.Rhe1 d5 22.Bxd5 Nxd5
23.Bxg7 Kxg7 24.Qxd5 Qf4 25.h3 Re8 26.Red1 Re4 27.a3 Rfe7 28.Ka2 Qf7 29.Rc3 Qxd5
30.Rxd5 Rb7 31.Rd2 Kf6 32.Rdc2 Rc7 33.a4 a5 34.Ka3 Ke5 35.Rf2 Rd4 36.Rff3 Rb7
37.Rfe3+ Kd5 38.Rg3 Rd1 39.Rg5+ Ke6 40.Ka2 Rd2 41.Rb5 Rxb5 42.axb5 Kd5 43.b6 Kc6
44.Rxc4+ Kxb6 45.h4 Rg2 46.Re4 Rh2 47.Ka3 Rc2 48.Re7 Rc7 49.Re6+ Kb5 50.b3 Rc5
51.Re4 Rf5 52.Rc4 h6 53.Rc8 Rf4 54.Rb8+ Ka6 55.Rg8 Rg4 56.h5 gxh5 57.Rf8 Rg6
58.Rf5 Rg5 59.Rf6+ Kb5 60.Rxh6 Rd5 61.Rh8 Kc5 62.Re8 Kd4 63.b4 axb4+ 64.Kxb4 Re5
65.Rh8 Kd3 66.Rd8+ Ke3 67.Kc4 Re4+ 68.Kc3 h4 69.Rh8 Kf3 70.Kd3 Ra4 71.Rf8+ Kg3
72.Rg8+ Kf2 73.Rf8+ Ke1 74.Re8+ Kf1 75.Rf8+ Kg2 76.Rg8+ Kh3 77.Ke3 Ra2 78.Kf3 Kh2
79.Rh8 h3 80.Rh7 Ra8 81.Rg7 Rf8+ 82.Ke2 Ra8 83.Kf2 Ra2+ 84.Kf1 Rg2 85.Rh7 Rg8
86.Rf7 Rg1+ 87.Kf2 Rg2+  1/2-1/2

[Event "Open"]
[Site "Hyeres FRA"]
[Date "2001.07.10"]
[Round "5"]
[White "Lepelletier,B"]
[Black "Bernal Moro,L"]
[Result "1/2-1/2"]
[WhiteElo "2459"]
[BlackElo "2387"]

1.e4 c5 2.Ne2 Nc6 3.Nbc3 e6 4.h3 Nf6 5.g3 d5 6.exd5 Nxd5 7.Bg2 Nxc3 8.Bxc6+ bxc6
9.Nxc3 c4 10.Qg4 c5 11.Qxc4 Be7 12.b3 O-O 13.Qe2 Bb7 14.Rg1 Bf6 15.Bb2 Bd4
16.O-O-O Qf6 17.f4 Bxg1  1/2-1/2

[Event "Open"]
[Site "Hyeres FRA"]
[Date "2001.07.11"]
[Round "7"]
[White "Lepelletier,B"]
[Black "Rouillon,L"]
[Result "0-1"]
[WhiteElo "2459"]
[BlackElo "2177"]

1.e4 c5 2.Nc3 Nc6 3.Nf3 g6 4.Bb5 Nd4 5.Nxd4 cxd4 6.Ne2 Bg7 7.O-O e6 8.c3 a6
9.Ba4 b5 10.Bc2 dxc3 11.dxc3 Ne7 12.Qd6 Bb7 13.Be3 O-O 14.Rad1 Bc6 15.Bd4 Nc8
16.Qg3 Qe7 17.Bxg7 Kxg7 18.Nd4 Nb6 19.f4 f6 20.f5 e5 21.Nf3 Qf7 22.fxg6 Qxg6
23.Qf2 Rab8 24.Rfe1 Kh8 25.b3 Rg8 26.g3 Qh6 27.Nd2 Nc8 28.Nf1 Ne7 29.Ne3 Rbf8
30.Rf1 Rg6 31.Nd5 Bxd5 32.exd5 f5 33.d6 Rxd6 34.Qc5 Rxd1 35.Rxd1 Ng6 36.Rxd7 Qc1+
37.Bd1 Qh6 38.Rd6 Qg7 39.Rxa6 f4 40.Ra7 Qh6 41.g4 f3 42.Qf2 Nf4 43.Kh1 Nd3  0-1

[Event "ch-SUI"]
[Site "Scuol SUI"]
[Date "2001.07.13"]
[Round "2"]
[White "Landenbergue,C"]
[Black "Jakob,S"]
[Result "1-0"]
[WhiteElo "2413"]
[BlackElo "2249"]

1.e4 c5 2.Nf3 Nc6 3.Nc3 Nf6 4.e5 Ng4 5.Qe2 Qc7 6.Nd5 Qd8 7.d4 cxd4 8.Bf4 e6
9.h3 exd5 10.hxg4 Bb4+ 11.Kd1 a6 12.Ng5 d3 13.Qxd3 Nxe5 14.Qd4 f6 15.Nxh7  1-0